000 00523nmm a2200169Ia 4500
008 251105s9999||||xx |||||||||||||||||und||
020 _a9788499402710
041 _aspa
100 _aMarinas, José-Miguel
245 0 _aPensar lo político :
_b Ensayos sobre comunidad y conflicto
264 _a[Madrid, España] :
_bBiblioteca Nueva,
_c2012
300 _a256 páginas
490 _aRazón y Sociedad
650 _aPolitical Science (General)
856 _uhttps://public.digitaliapublishing.com/a/18734
942 _cCF
999 _c92666
_d92666